000 00506nam a22001697a 4500
005 20231117100733.0
008 231117b |||||||| |||| 00| 0 eng d
020 _a0702125229
041 _aEnglish
082 _a343.4 VAL
100 _lEnglish
245 _aValue-Added Tax Manual /
_cedited by D Kruger and A Bennett
260 _aDurban :
_bButterworth Publishers (Pty) Ltd,
_c1995
300 _bxxixx,
_c26 cm.
650 _aLegal practice
_bLaw
942 _cBK
_6ALISON_BN_VRIES
999 _c761
_d761